| 000 | 00650nam a2200193Ia 4500 | ||
|---|---|---|---|
| 003 | GCL | ||
| 008 | 140319s9999 xx 000 0 ara d | ||
| 040 |
_aGCL / _cGCL |
||
| 082 | 0 | 4 |
_a813.009 _bح م |
| 100 | 1 | _aحسين عيد | |
| 245 | 1 | 0 |
_aمفهوم السلطة والدين فى تجربة فتحى غانم الابداعية / _cحسين عيد |
| 250 | _aالاولى | ||
| 260 |
_aالاردن : _bمركز الانماء الحضارى ، _c1999 |
||
| 300 |
_a143 ص ؛ _c16 سم |
||
| 650 | 0 | 4 | _aالقصة العربية |
| 650 | 0 | 4 | _aالقصة العربية - تاريخ ونقد |
| 650 | 0 | 4 | _aفتحى غانم |
| 942 |
_2ddc _cBK |
||
| 999 |
_c8526 _d8526 |
||